| 000 | 00000nam##2200000za#4500 |
| 001 | 9.580021 |
| 003 | CaOODSP |
| 005 | 20230404154913 |
| 007 | cr ||||||||||| |
| 008 | 150406|1979||||xxc|||||o f|0| 0 eng|d |
| 040 | |aCaOODSP|beng |
| 043 | |an-cn--- |
| 086 | 1 |aFs97-25/155E-PDF |
| 110 | 1 |aCanada. |bDepartment of Fisheries and Oceans. |
| 245 | 10|aPhytoplankton and sea ice microalgal data from Frobisher Bay, 1971 to 1978 / |h[electronic resource]|cby Stephen 1. C. Hsiao. |
| 260 | |aOttawa - Ontario : |bFisheries and Oceans Canada |c1979. |
| 300 | |a87p.|bfigs., references, tables |
| 490 | 1 |aData report - Fisheries and Marine Service|vNo.155 |
| 500 | |aHistorical publication digitized by Fisheries and Oceans Canada. |
| 546 | |a(Résumé en français.) |
| 590 | |a14-13-Supp|b2014-06-23 |
| 830 | #0|aData report (Canada. Fisheries and Marine Service)|vNo.155|w(CaOODSP)9.507851 |
| 856 | 40|ahttp://publications.gc.ca|qPDF|s5195 KB|uhttps://publications.gc.ca/collections/collection_2014/mpo-dfo/Fs97-25-155-eng.pdf|yNo.155 |